Microsoft Excel : Vzorce funkce výpočty

Na minha lista:
Detalhes bibliográficos
Main Authors: Brož, Milan (Author), Bezvoda, Václav (Author)
Formato: Livro
Idioma:tcheco
Publicado em: Brno : Computer Press, 2006
Edição:1. vyd
Assuntos:
Tags: Adicionar Tag
Sem tags, seja o primeiro a adicionar uma tag!

MARC

LEADER 00000nam a22000003a 4500
001 stu137000
005 20150617225922.0
008 070112s2006----xr------------------cze-d
020 |a 80-251-1088-5 
040 |a STU  |b slo 
041 0 |a cze 
044 |a xr 
080 |a 004.42 Excel 
100 1 |a Brož, Milan  |4 aut 
245 1 |a Microsoft Excel :  |b Vzorce funkce výpočty 
250 |a 1. vyd 
260 |a Brno :  |b Computer Press,  |c 2006 
300 |a 567 s 
650 7 |a tabuľkové procesory  |2 stusub 
700 1 |a Bezvoda, Václav  |4 aut 
996 |b 284EK86678  |c E*86678  |l EE30  |s P  |a 0  |w stu137000_0001